00956nam a2200217 a 4500001001000000005001700010008004100027020001500068050002100083100002300104245009700127260008800224300004200312500008700354500004700441610007000488650003400558650004200592650004600634650005800680BRCA_162420190320203501.0270508s1996----it-a---###---#000-0#eng-# a0892633492 4aND613b.W55 19961 aWilson, Carolyn C.10aItalian PaintingsbXIV-XVI Centuries in the Museum of Fine Arts, HoustoncCarolyn C. Wilson. aHouston, TexasbThe Museum of Fine Arts : Rice University : Merrell Holbertonc1996 a416 p.bil. (algunas a color)c30 cm. aCatálogo de la exposición realizada en The Museum of Fine Arts (Houston), 1996 aIncluye apéndice e índice alfabético24aMuseum of Fine ArtsvCatálogoszHouston, Texas (Estados Unidos)14aPintura italianavCatálogos14aPintura góticavCatálogoszItalia14aPintura renacentistavCatálogoszItalia14aPinturavCatálogoszHouston, Texas (Estados Unidos)